[Event "Pfalz op 10th"]
[Site "Neustadt an der Weinstrasse"]
[Date "2019.03.05"]
[Round "9"]
[White "Filipiak, Thomas"]
[Black "Hahn, Florian"]
[Result "1/2-1/2"]
[WhiteElo "2039"]
[BlackElo "2152"]
[PlyCount "27"]
[EventDate "2019.03.01"]
[EventType "swiss"]
[EventRounds "9"]
[EventCountry "GER"]
[SourceTitle "CBM 189 Extra"]
[Source "ChessBase"]
[SourceDate "2019.06.03"]
[SourceVersion "1"]
[SourceVersionDate "2019.06.03"]
[SourceQuality "1"]

1. d4 Nf6 2. Nc3 d5 3. Bf4 g6 4. Nf3 Bg7 5. e3 0-0 6. Ne5 Ne4 7. h4 Nxc3 8. bxc3 Nd7 9. h5 Nxe5 10. Bxe5 Bxe5 11. dxe5 c5 12. Qd2 Bf5 13. Bd3 Bxd3 14. cxd3 1/2-1/2

[Event "Pfalz op 10th"]
[Site "Neustadt an der Weinstrasse"]
[Date "2019.03.04"]
[Round "6"]
[White "Hahn, Florian"]
[Black "Dann, Matthias"]
[Result "0-1"]
[WhiteElo "2152"]
[BlackElo "2531"]
[PlyCount "82"]
[EventDate "2019.03.01"]
[EventType "swiss"]
[EventRounds "9"]
[EventCountry "GER"]
[SourceTitle "CBM 189 Extra"]
[Source "ChessBase"]
[SourceDate "2019.06.03"]
[SourceVersion "1"]
[SourceVersionDate "2019.06.03"]
[SourceQuality "1"]

1. Nf3 b6 2. g3 Bb7 3. Bg2 e6 4. c4 Nf6 5. 0-0 Be7 6. Nc3 Ne4 7. Nxe4 Bxe4 8. d4 c6 9. Ne1 Bxg2 10. Nxg2 d6 11. b3 0-0 12. Bb2 Nd7 13. Rc1 a5 14. Ne3 d5 15. Qd3 a4 16. cxd5 cxd5 17. Rc2 Nf6 18. Rfc1 Qb8 19. Qb5 Ra5 20. Qc6 axb3 21. axb3 Ra2 22. Nd1 b5 23. Nc3 Ra7 24. Nxb5 Rb7 25. Ba3 Bxa3 26. Nxa3 Rxb3 27. Rc3 Rb4 28. Nc2 Rb2 29. f3 h5 30. Kf2 e5 31. Qc7 e4 32. Qxb8 Rfxb8 33. Ke3 g5 34. Kf2 exf3 35. exf3 g4 36. Kg2 Re8 37. Kf2 gxf3 38. Kxf3 Ne4 39. Rc7 Ng5+ 40. Kf2 Ne6 41. Rc3 Nxd4 0-1

[Event "Hessen Cup Goldener Springer"]
[Site "Griesheim"]
[Date "2019.01.18"]
[Round "1"]
[White "Hahn, Florian"]
[Black "Meyer, Marcel"]
[Result "1-0"]
[WhiteElo "2173"]
[BlackElo "1866"]
[PlyCount "63"]
[EventDate "2019.01.18"]
[EventType "swiss"]
[EventRounds "6"]
[EventCountry "GER"]
[SourceTitle "EXT 2020"]
[Source "ChessBase"]
[SourceDate "2019.10.17"]
[SourceVersion "1"]
[SourceVersionDate "2019.10.17"]
[SourceQuality "1"]

1. Nf3 d5 2. g3 Nf6 3. Bg2 c6 4. c4 Bf5 5. cxd5 cxd5 6. Qb3 Qc7 7. 0-0 Bc2 8. Qc3 Qxc3 9. Nxc3 Nc6 10. d3 Rc8 11. Ne1 d4 12. Nxc2 dxc3 13. bxc3 e6 14. Rb1 b6 15. c4 Bc5 16. Rd1 0-0 17. h3 Rfd8 18. Bg5 Nd4 19. Nxd4 Bxd4 20. Kf1 h6 21. Bf4 Nh5 22. Bd2 g5 23. e3 Bg7 24. Ke2 f5 25. Rb5 Bf8 26. Bc3 Rc5 27. a4 f4 28. gxf4 gxf4 29. Bf3 Ng7 30. exf4 Rf5 31. Be5 Bd6 32. Bg4 1-0

[Event "Heusenstamm Sparkassen op-A 5th"]
[Site "Heusenstamm"]
[Date "2018.11.24"]
[Round "4"]
[White "Muckle, Julius"]
[Black "Hahn, Florian"]
[Result "1-0"]
[WhiteElo "2344"]
[BlackElo "2148"]
[PlyCount "77"]
[EventDate "2018.11.22"]
[EventType "swiss"]
[EventRounds "7"]
[EventCountry "GER"]
[SourceTitle "CBM 188 Extra"]
[Source "ChessBase"]
[SourceDate "2019.02.26"]
[SourceVersion "1"]
[SourceVersionDate "2019.02.26"]
[SourceQuality "1"]

1. d4 Nf6 2. c4 g6 3. Nc3 d5 4. Bg5 Bg7 5. Bxf6 Bxf6 6. cxd5 c5 7. dxc5 Nd7 8. c6 Nc5 9. Rc1 Qa5 10. Qd2 0-0 11. Ne4 Qxd2+ 12. Nxd2 Na4 13. e4 bxc6 14. Rxc6 Bxb2 15. Ngf3 f5 16. Bc4 Nb6 17. Bb3 Ba6 18. exf5 gxf5 19. Kd1 Bf6 20. d6+ Kh8 21. dxe7 Bxe7 22. Bc4 Bc8 23. Re1 Bf6 24. Be6 Na4 25. Bxc8 Raxc8 26. Ree6 Nc3+ 27. Ke1 Rxc6 28. Rxc6 a5 29. a3 Kg7 30. Rc5 a4 31. Rxf5 Re8+ 32. Kf1 Rb8 33. g4 Be7 34. Nc4 Rb1+ 35. Kg2 Ra1 36. Nd4 Bxa3 37. Ne6+ Kh6 38. Ne5 Ne4 39. Rh5# 1-0

[Event "Vellmar op 10th"]
[Site "Vellmar"]
[Date "2018.07.15"]
[Round "6"]
[White "Hahn, Florian"]
[Black "Lesny, Florian"]
[Result "1/2-1/2"]
[WhiteElo "2189"]
[BlackElo "2066"]
[PlyCount "45"]
[EventDate "2018.07.12"]
[EventType "swiss"]
[EventRounds "7"]
[EventCountry "GER"]
[SourceTitle "CBM 185 Extra"]
[Source "ChessBase"]
[SourceDate "2018.07.29"]
[SourceVersion "1"]
[SourceVersionDate "2018.07.29"]
[SourceQuality "1"]

1. c4 c5 2. Nf3 Nc6 3. Nc3 g6 4. e3 Nf6 5. d4 cxd4 6. exd4 d5 7. cxd5 Nxd5 8. Qb3 Nxc3 9. Bc4 e6 10. bxc3 a6 11. Be2 Bg7 12. Ba3 Bf8 13. Bc1 Bg7 14. Ba3 Bf8 15. Bxf8 Kxf8 16. 0-0 Kg7 17. Rfd1 Qc7 18. c4 Rd8 19. Rac1 b6 20. h3 Rb8 21. Qc3 f6 22. Qe3 Qf7 23. Bf1 1/2-1/2

[Event "Vellmar op 10th"]
[Site "Vellmar"]
[Date "2018.07.12"]
[Round "1"]
[White "Hahn, Florian"]
[Black "Krause, Maximilian"]
[Result "1/2-1/2"]
[WhiteElo "2189"]
[BlackElo "1827"]
[PlyCount "122"]
[EventDate "2018.07.12"]
[EventType "swiss"]
[EventRounds "7"]
[EventCountry "GER"]
[SourceTitle "CBM 185 Extra"]
[Source "ChessBase"]
[SourceDate "2018.07.29"]
[SourceVersion "1"]
[SourceVersionDate "2018.07.29"]
[SourceQuality "1"]

1. Nf3 Nf6 2. c4 e6 3. g3 d5 4. b3 Be7 5. Bg2 0-0 6. 0-0 b6 7. Bb2 Bb7 8. e3 Nbd7 9. Nc3 Ne4 10. Qe2 Bf6 11. d4 Nxc3 12. Bxc3 dxc4 13. bxc4 c5 14. Rfd1 cxd4 15. exd4 Qc7 16. Rac1 Rac8 17. Bb4 Rfe8 18. c5 Bd5 19. Qd2 Qb7 20. Ne1 Nb8 21. Ba3 Red8 22. Qb2 b5 23. Rb1 a6 24. Bb4 Nc6 25. Bc3 Rb8 26. Bf1 Be4 27. Nc2 Qc7 28. a3 Bxc2 29. Qxc2 Bxd4 30. Bg2 e5 31. Qe4 Rbc8 32. Qxc6 Qxc6 33. Bxc6 Rxc6 34. Bxd4 exd4 35. Rb4 Rxc5 36. Rbxd4 Rxd4 37. Rxd4 Kf8 38. Rd6 a5 39. Rd7 g6 40. h4 Kg7 41. Rb7 Kf6 42. Kf1 Re5 43. Kg2 h5 44. Kf3 Ke6 45. Kf4 Rf5+ 46. Ke4 Kd6 47. f3 Kc5 48. Rc7+ Kb6 49. Re7 Rf6 50. Rd7 Kc5 51. Rc7+ Rc6 52. Rxf7 Kc4 53. g4 b4 54. axb4 axb4 55. gxh5 gxh5 56. Rb7 b3 57. f4 Kc3 58. Kf5 Kc2 59. Kg5 Rc5+ 60. Kg6 Rc4 61. Kxh5 Rxf4 1/2-1/2

[Event "Hessen-ch"]
[Site "Frankfurt"]
[Date "2018.05.12"]
[Round "8"]
[White "Humburg, Philipp"]
[Black "Hahn, Florian"]
[Result "0-1"]
[WhiteElo "2219"]
[BlackElo "2184"]
[PlyCount "78"]
[EventDate "2018.05.09"]
[EventType "swiss"]
[EventRounds "9"]
[EventCountry "GER"]
[SourceTitle "EXT 2019"]
[Source "ChessBase"]
[SourceDate "2018.10.10"]
[SourceVersion "1"]
[SourceVersionDate "2018.10.10"]
[SourceQuality "1"]

1. e4 c5 2. Nf3 g6 3. d4 cxd4 4. Nxd4 Nf6 5. Nc3 d6 6. Be2 Bg7 7. 0-0 0-0 8. Bg5 Nc6 9. Nb3 Be6 10. Kh1 Rc8 11. Rb1 Re8 12. f4 a6 13. f5 Bd7 14. Qe1 Ne5 15. Qh4 Bc6 16. Nd4 b5 17. Nxc6 Rxc6 18. Bd3 Rc5 19. Ne2 Qa8 20. b4 Rcc8 21. Rb3 Qb7 22. Ng3 Rc7 23. Bh6 Bh8 24. Qg5 Qc8 25. h4 Rc3 26. h5 Rxb3 27. axb3 Nfg4 28. fxg6 fxg6 29. hxg6 hxg6 30. Be2 Nxh6 31. Qxh6 Bg7 32. Qd2 Bf6 33. Qd5+ Kg7 34. c4 Rf8 35. Kg1 Bg5 36. Qd4 Bf6 37. Qa7 Nc6 38. Bg4 Qxg4 39. Qb6 Qxg3 0-1

[Event "Staufer op-A 30th"]
[Site "Schwaebisch Gmuend"]
[Date "2018.01.06"]
[Round "9"]
[White "Wichmann, Cliff"]
[Black "Hahn, Florian"]
[Result "1-0"]
[WhiteElo "2314"]
[BlackElo "2136"]
[PlyCount "61"]
[EventDate "2018.01.02"]
[EventType "swiss"]
[EventRounds "9"]
[EventCountry "GER"]
[SourceTitle "CBM 182 Extra"]
[Source "ChessBase"]
[SourceDate "2018.02.23"]
[SourceVersion "1"]
[SourceVersionDate "2018.02.23"]
[SourceQuality "1"]

1. d4 Nf6 2. c4 g6 3. h4 Bg7 4. Nc3 d5 5. h5 Nxh5 6. cxd5 Nf6 7. e4 c6 8. dxc6 0-0 9. Nf3 Nxc6 10. d5 Nb8 11. Bg5 Qa5 12. Qd2 Rd8 13. Be2 Bg4 14. 0-0 Nc6 15. Qe3 Bxf3 16. Bxf3 Ne5 17. Bd1 Rac8 18. Bb3 Nc4 19. Bxc4 Rxc4 20. Rad1 Qb4 21. Bxf6 Bxf6 22. e5 Bg7 23. e6 Bxc3 24. exf7+ Kxf7 25. bxc3 Qxc3 26. Qe6+ Kf8 27. d6 Rxd6 28. Rxd6 exd6 29. Re1 Qd4 30. Qe7+ Kg8 31. Qd7 1-0

[Event "Staufer op-A 30th"]
[Site "Schwaebisch Gmuend"]
[Date "2018.01.05"]
[Round "8"]
[White "Hahn, Florian"]
[Black "Metz, Hartmut"]
[Result "1/2-1/2"]
[WhiteElo "2136"]
[BlackElo "2281"]
[PlyCount "27"]
[EventDate "2018.01.02"]
[EventType "swiss"]
[EventRounds "9"]
[EventCountry "GER"]
[SourceTitle "CBM 182 Extra"]
[Source "ChessBase"]
[SourceDate "2018.02.23"]
[SourceVersion "1"]
[SourceVersionDate "2018.02.23"]
[SourceQuality "1"]

1. Nf3 c6 2. c4 d5 3. g3 Nf6 4. Bg2 Bg4 5. Ne5 Be6 6. cxd5 Bxd5 7. Nf3 c5 8. Nc3 Bc6 9. d3 Nbd7 10. 0-0 e6 11. e4 e5 12. Nd2 Be7 13. Nc4 0-0 14. f4 1/2-1/2

[Event "Heusenstamm Sparkassen op-A 4th"]
[Site "Heusenstamm"]
[Date "2017.11.23"]
[Round "1"]
[White "Hahn, Florian"]
[Black "Bachmann, Nick"]
[Result "1-0"]
[WhiteElo "2141"]
[BlackElo "1839"]
[PlyCount "87"]
[EventDate "2017.11.23"]
[EventType "swiss"]
[EventRounds "7"]
[EventCountry "GER"]
[SourceTitle "EXT 2019"]
[Source "ChessBase"]
[SourceDate "2018.10.10"]
[SourceVersion "1"]
[SourceVersionDate "2018.10.10"]
[SourceQuality "1"]

1. Nf3 Nf6 2. c4 c5 3. g3 g6 4. Bg2 Bg7 5. Nc3 Nc6 6. 0-0 0-0 7. d4 cxd4 8. Nxd4 a6 9. Nc2 Ne8 10. Be3 Nd6 11. Na3 Nf5 12. Qd2 Nxe3 13. Qxe3 d6 14. Rfd1 Qa5 15. Rac1 Be6 16. Bd5 Qb4 17. Bxe6 Qxb2 18. Na4 Qb4 19. Nb6 fxe6 20. Nxa8 Rxa8 21. Qxe6+ Kh8 22. Nc2 Qa4 23. Ne1 Qxa2 24. Nf3 Rf8 25. h4 Rf6 26. Qc8+ Rf8 27. Qe6 Rf6 28. Qe4 Qa5 29. Rd5 Qc7 30. h5 e6 31. Rdd1 gxh5 32. Kg2 Qf7 33. Rxd6 Bf8 34. Rdd1 Bc5 35. Rd3 h4 36. Rh1 hxg3 37. fxg3 Rg6 38. Rh3 Qf6 39. Rd7 Ne7 40. Rxb7 Bd6 41. Rd7 Nf5 42. Rdxh7+ Kg8 43. Qa8+ Bf8 44. Rh8+ 1-0

[Event "Heusenstamm Sparkassen op-A 3rd"]
[Site "Heusenstamm"]
[Date "2016.11.27"]
[Round "6"]
[White "Hahn, Florian"]
[Black "Zweschper, Erich"]
[Result "1/2-1/2"]
[WhiteElo "2139"]
[BlackElo "2036"]
[PlyCount "107"]
[EventDate "2016.11.24"]
[EventType "swiss"]
[EventRounds "7"]
[EventCountry "GER"]
[SourceTitle "EXT 2018"]
[Source "ChessBase"]
[SourceDate "2017.10.13"]
[SourceVersion "1"]
[SourceVersionDate "2017.10.13"]
[SourceQuality "1"]

1. c4 e5 2. e3 Nf6 3. Nc3 d5 4. cxd5 Nxd5 5. Nf3 Nc6 6. Qc2 Be6 7. a3 Nxc3 8. bxc3 Be7 9. d4 exd4 10. cxd4 0-0 11. Bd3 h6 12. 0-0 Bf6 13. Rb1 Rb8 14. Nd2 Be7 15. Nb3 a6 16. Nc5 Bxc5 17. Qxc5 Qd7 18. a4 Rfd8 19. Ba3 Qe8 20. Qc2 Bd5 21. Bc5 Na5 22. Rfc1 b5 23. axb5 axb5 24. Bb4 Nc4 25. e4 Ba8 26. Bxc4 bxc4 27. d5 c6 28. Ba5 cxd5 29. Bxd8 Rxd8 30. exd5 Bxd5 31. Re1 Qc6 32. f3 Ra8 33. Re2 g6 34. Rbe1 Kh7 35. Kh1 Qf6 36. Re3 Rb8 37. Qc3 Qc6 38. h3 Rb3 39. Qd4 Rb8 40. Rd1 Be6 41. Qe5 Re8 42. Qc3 Qc5 43. Re2 Qg5 44. Red2 Qg3 45. Qf6 Qg5 46. Qd4 Qg3 47. Qb2 Qf4 48. Rd8 Rxd8 49. Rxd8 g5 50. Qc3 f6 51. Qb2 Kg6 52. Qc2+ Bf5 53. Qc3 Be6 54. Qc2+ 1/2-1/2

[Event "Heusenstamm Sparkassen op-A 3rd"]
[Site "Heusenstamm"]
[Date "2016.11.27"]
[Round "5"]
[White "Neukirchner, Pascal"]
[Black "Hahn, Florian"]
[Result "1/2-1/2"]
[WhiteElo "2026"]
[BlackElo "2139"]
[PlyCount "26"]
[EventDate "2016.11.24"]
[EventType "swiss"]
[EventRounds "7"]
[EventCountry "GER"]
[SourceTitle "EXT 2018"]
[Source "ChessBase"]
[SourceDate "2017.10.13"]
[SourceVersion "1"]
[SourceVersionDate "2017.10.13"]
[SourceQuality "1"]

1. d4 Nf6 2. c4 g6 3. f3 d5 4. cxd5 Nxd5 5. e4 Nb6 6. Nc3 Bg7 7. Be3 0-0 8. Qd2 e5 9. d5 c6 10. d6 Be6 11. h4 N8d7 12. 0-0-0 Nf6 13. g4 Qd7 1/2-1/2

[Event "Wiesbaden op 28th"]
[Site "Wiesbaden"]
[Date "2016.08.28"]
[Round "6"]
[White "Hahn, Florian"]
[Black "Launert, Martin"]
[Result "1-0"]
[WhiteElo "2145"]
[BlackElo "1880"]
[PlyCount "127"]
[EventDate "2016.08.25"]
[EventType "swiss"]
[EventRounds "7"]
[EventCountry "GER"]
[SourceTitle "CBM 174 Extra"]
[Source "ChessBase"]
[SourceDate "2016.10.10"]
[SourceVersion "1"]
[SourceVersionDate "2016.10.10"]
[SourceQuality "1"]

1. Nf3 Nf6 2. c4 e6 3. g3 d5 4. b3 Nc6 5. d4 Ne4 6. Ba3 Be7 7. Bg2 0-0 8. Bxe7 Qxe7 9. 0-0 Rd8 10. Qc2 Bd7 11. Nc3 Nxc3 12. Qxc3 Rac8 13. Rac1 Nb4 14. Qb2 Na6 15. Ne5 f6 16. Nxd7 Qxd7 17. cxd5 exd5 18. b4 c6 19. Rc2 Nc7 20. Rfc1 a6 21. a4 Kh8 22. h4 g6 23. Qb3 Ne8 24. b5 axb5 25. axb5 Nd6 26. bxc6 bxc6 27. e3 Nc4 28. Bf1 Nd6 29. Qb6 Qf5 30. Rxc6 Ne4 31. Qb2 Rxc6 32. Rxc6 g5 33. hxg5 fxg5 34. Bd3 h5 35. Bxe4 dxe4 36. d5+ Kh7 37. Rc7+ Rd7 38. Rxd7+ Qxd7 39. Qe5 Qg4 40. d6 h4 41. d7 Qd1+ 42. Kh2 hxg3+ 43. Qxg3 Qxd7 44. Qxg5 Qd6+ 45. Kh3 Qd3 46. Kg3 Qc2 47. Qf6 Kg8 48. Kh4 Qb1 49. Qf4 Kg7 50. Kg5 Qc2 51. Qf6+ Kg8 52. Kh6 Qc7 53. Qg6+ Kf8 54. Qxe4 Qg7+ 55. Kh5 Qf7+ 56. Kg5 Qxf2 57. Qf5+ Qxf5+ 58. Kxf5 Kf7 59. Ke5 Ke7 60. e4 Kd7 61. Kf6 Ke8 62. e5 Kf8 63. e6 Ke8 64. e7 1-0

[Event "Wiesbaden op 28th"]
[Site "Wiesbaden"]
[Date "2016.08.27"]
[Round "4"]
[White "Hahn, Florian"]
[Black "Donecker, Stefan"]
[Result "1-0"]
[WhiteElo "2145"]
[BlackElo "1814"]
[PlyCount "34"]
[EventDate "2016.08.25"]
[EventType "swiss"]
[EventRounds "7"]
[EventCountry "GER"]
[SourceTitle "CBM 174 Extra"]
[Source "ChessBase"]
[SourceDate "2016.10.10"]
[SourceVersion "1"]
[SourceVersionDate "2016.10.10"]
[SourceQuality "1"]

1. d4 d5 2. Nf3 Nc6 3. e3 Bf5 4. Bb5 a6 5. Bxc6+ bxc6 6. c4 f6 7. Nbd2 e6 8. Qa4 Qd7 9. Nb3 Bc2 10. Bd2 Bxb3 11. Qxb3 Qc8 12. Rc1 Rb8 13. Qa4 Rxb2 14. cxd5 exd5 15. Qxc6+ Qd7 16. Qxa6 Ne7 17. 0-0 g5 1-0

[Event "Rhein Main op-A 19th"]
[Site "Bad Homburg"]
[Date "2016.05.29"]
[Round "7"]
[White "Hahn, Florian"]
[Black "Henrich, David"]
[Result "1/2-1/2"]
[WhiteElo "2110"]
[BlackElo "2159"]
[PlyCount "67"]
[EventDate "2016.05.25"]
[EventType "swiss"]
[EventRounds "7"]
[EventCountry "GER"]
[SourceTitle "EXT 2017"]
[Source "ChessBase"]
[SourceDate "2016.10.25"]
[SourceVersion "1"]
[SourceVersionDate "2016.10.25"]
[SourceQuality "1"]

1. Nf3 Nf6 2. c4 d6 3. g3 c5 4. Bg2 Nc6 5. 0-0 g6 6. Nc3 Bg7 7. d4 cxd4 8. Nxd4 Nxd4 9. Qxd4 0-0 10. Qd3 Nd7 11. b3 Nc5 12. Qd2 Rb8 13. Bb2 a6 14. Rfd1 Be6 15. Nd5 Bxb2 16. Qxb2 b5 17. cxb5 axb5 18. Nb4 Rb6 19. Rac1 Qe8 20. Rd2 Bd7 21. Qd4 Rb8 22. h4 Rc8 23. Rdc2 h5 24. Qe3 Be6 25. Bc6 Qd8 26. Bf3 Kh7 27. Nc6 Qd7 28. Nb4 Qd8 29. Nd3 Nxd3 30. Qxd3 Rxc2 31. Rxc2 Bf5 32. Be4 Bxe4 33. Qxe4 Qd7 34. Qd3 1/2-1/2

[Event "Rhein Main op-A 19th"]
[Site "Bad Homburg"]
[Date "2016.05.28"]
[Round "6"]
[White "Kuhn, Gerhard"]
[Black "Hahn, Florian"]
[Result "0-1"]
[WhiteElo "1957"]
[BlackElo "2110"]
[PlyCount "70"]
[EventDate "2016.05.25"]
[EventType "swiss"]
[EventRounds "7"]
[EventCountry "GER"]
[SourceTitle "EXT 2017"]
[Source "ChessBase"]
[SourceDate "2016.10.25"]
[SourceVersion "1"]
[SourceVersionDate "2016.10.25"]
[SourceQuality "1"]

1. e4 c5 2. c3 d5 3. exd5 Qxd5 4. d4 Nc6 5. Nf3 Bg4 6. Be2 cxd4 7. cxd4 e6 8. Nc3 Bb4 9. 0-0 Qa5 10. a3 Bxc3 11. bxc3 Nge7 12. Qb3 Qc7 13. h3 Bh5 14. Qb5 Nd5 15. Bd2 a6 16. Qb3 0-0 17. c4 Bxf3 18. Bxf3 Nxd4 19. Qd3 Nxf3+ 20. gxf3 Ne7 21. Qe4 Rac8 22. Rfc1 Rfd8 23. Bg5 h6 24. Bf4 Qc6 25. Rab1 Rd7 26. Rb4 Nf5 27. c5 Rd5 28. Rb6 Qd7 29. Qb1 Rcxc5 30. Rxc5 Rxc5 31. Rxb7 Qd5 32. Rb8+ Kh7 33. Qe4 Qd1+ 34. Kg2 Rc3 35. Be5 Rc1 0-1

[Event "Heusenstamm Sparkassen op-A 2nd"]
[Site "Heusenstamm"]
[Date "2015.11.28"]
[Round "5"]
[White "Hahn, Florian"]
[Black "Kuepper, Martin"]
[Result "1-0"]
[WhiteElo "2149"]
[BlackElo "2013"]
[PlyCount "65"]
[EventDate "2015.11.26"]
[EventType "swiss"]
[EventRounds "7"]
[EventCountry "GER"]
[SourceTitle "EXT 2018"]
[Source "ChessBase"]
[SourceDate "2017.10.13"]
[SourceVersion "1"]
[SourceVersionDate "2017.10.13"]
[SourceQuality "1"]

1. Nf3 Nf6 2. c4 g6 3. d4 d5 4. Nc3 Bg7 5. Bf4 0-0 6. e3 c5 7. dxc5 Qa5 8. Rc1 dxc4 9. Bxc4 Nc6 10. 0-0 Qxc5 11. Bb3 Qh5 12. h3 Na5 13. Ne5 Nxb3 14. Qxb3 b6 15. Rfd1 Be6 16. Qa3 Nd5 17. Nxd5 Bxe5 18. Nxe7+ Kg7 19. Bxe5+ Qxe5 20. Nc6 Qg5 21. e4 Rfc8 22. b4 a5 23. bxa5 bxa5 24. Rc5 Qf4 25. Qc3+ Qf6 26. e5 Qg5 27. Rd3 Kf8 28. Nd4 Qe7 29. Nxe6+ Qxe6 30. Rd6 Qf5 31. a3 Rcb8 32. Rd1 a4 33. e6 1-0